000 00523cam a2200205ua 4500
001 5678
008 131022n ii |||gr||||Z||||||asm
020 _a978-81-922873-1-7
040 _cMAIN
082 _a910.954162
100 _aSaikia,Sashi Kanta,
_eAuthor.
245 _aAsomat Pajyatan Udyug
_cBy Sashi kanta Saikia
250 _a1st ed.
260 _aDibrugarh:
_bKaustubh Printers,
_c2011.
300 _a198p.
653 _aTourism
653 _aAsomar pajyatan udyug
653 _aTourism in Assam
942 _cBK
999 _c4837
_d4837